| 000 | 00761nam a2200253Ia 4500 | ||
|---|---|---|---|
| 008 | 160404s9999 xx 000 0 und d | ||
| 020 | _a978-971-584-631-8 | ||
| 050 | _aFIL NX 280 | ||
| 050 | _b.A75 2008 | ||
| 100 | _aAriola, Mariano M. | ||
| 245 | _aIntroduction to art appreciation : | ||
| 245 | _ba textbook in humanities / | ||
| 245 | _cMariano M. Ariola. | ||
| 260 | _aQuezon City: | ||
| 260 | _bC & E Pub. Inc., | ||
| 260 | _c2008 | ||
| 300 | _a180 pages : | ||
| 300 | _billustrations ; | ||
| 300 | _c26 cm. | ||
| 500 | _aIncludes bibliographical references. | ||
| 650 | _aArts -- Study and teaching -- Philippines. | ||
| 650 | _aHumanities -- Study and teaching -- Philippines. | ||
| 650 | _xArt appreciation -- Study and teaching. | ||
| 999 |
_c293340 _d293340 |
||